Chain reaction potpourri Quiz Stats

Quiz not verified by Sporcle

Also try: A-Z Pairs Blitz
Challenge
Share
Tweet
Embed
Score 0/11 Timer 06:00
0 Plays Today
Clue Response % Correct
Large (and common) dog breedGreat Dane
92.1%
Famous ancient conquerer Alexander the Great
90.9%
'Retaliation' comedianDane Cook
84.3%
Actor who plays George CostanzaJason Alexander
79.9%
Polynesian location named after British discovererCook Islands
63%
Jack London classic novelCall of the Wild
49.6%
Crude whistle or holler Cat call
43.7%
Hit by The TroggsWild Thing
37.4%
Home of The Incredible Hulk... the metal oneIslands of Adventure
15.4%
'Up' movie tagline and mottoAdventure is out there
8.7%
Adage about having different ways to achieve a goalThere is more than one way of skinning a cat
7.5%

You're not logged in!

Compare scores with friends on all Sporcle quizzes.
Join for Free
OR
Log In

You Might Also Like...

Show Comments

Extras

Created Oct 29, 2009ReportNominate
Tags:potpourri, reaction, response

Top Quizzes Today


Score Distribution

Your Account Isn't Verified!

In order to create a playlist on Sporcle, you need to verify the email address you used during registration. Go to your Sporcle Settings to finish the process.

Report this User

Report this user for behavior that violates our Community Guidelines.

Details: